00917nam a22002415i 4500001000700000003000900007005001700016008004100033080002100074100004900095245013500144250001200279260003700291300003600328490003800364740002000402740003100422830005200453852002000505942000800525999001900533952012300552176444ES-MaACL20250629070311.0110117s1954 sp |||| | spa d a821.134.2-32"19"1 aPérez de Ayala, Ramón,d1880-196299076310aPrometeo ; Luz de domingo ; La caída de los limones b: novelas poemáticas de la vida española / cRamón Pérez de Ayala. a3ª ed. aBuenos Aires : bLosada, c1954. a154, [5] p. , [1] h. ; c18 cm.1 aBiblioteca contemporánea ; v4002aLuz de domingo.32aLa caída de los limones.00aBiblioteca contemporánea (Losada)v409230032 aES-MaACLj14071 2udc c176444d176444 00104070aATENEOMbATENEOMcDEPO2d2011-01-17eDONl0oE-14071p1185303r2023-02-23 00:00:00w2023-02-23yMONOGRAFIA